000 00344nam a2200133Ia 4500
005 20260328101505.0
008 260328s9999||||xx |||||||||||||| ||und||
100 _aProctor, Rebeca
245 0 _aDiseño Ecológico :
_b 1000 ejemplos /
_cRebeca Proctor
260 _bGustavo Gili
300 _a351 p.
650 _aDISEÑO INDUSTRIAL
942 _cBK
999 _c8996
_d8996